00524 2200181 4500001002100000005001500021035002000036007000300056008003900059082001200098084001800110100002100128245008700149260004100236300004100277650001100318022001300329INLIS00000000000064620240801031628 a0010-0824000011ta240801 | | |  a630.205 a630.205 AND f0 aAndrea Magarelli1 aFruit Crop Species with Agrivoltaic Systems: A Critical Review /cAndrea Magarelli aSwitzerland, Basel :bMDPI AG,c2024 a722 hlm, :bilus, ;c21 cm X 29,5 cm 4aJurnal a20734395